Countries that start with I - Statistics

General Stats
  • This quiz has been taken 47 times
  • The average score is 8 of 9
Answer Stats
Continent Answer % Correct
Europe Italy
97%
Asia India
95%
Europe Iceland
92%
Europe Ireland
92%
Asia Iran
87%
Asia Iraq
87%
Asia Israel
84%
Oceania/Asia Indonesia
82%
Africa Ivory Coast
79%
No matching quizzes found
Score Distribution
Percent of People with Each Score
Percentile by Number Answered
Your Score History
You have not taken this quiz